000 01442nam a2200325 i 4500
005 20210818182329.0
008 130917s2012 sp a br 000 j spa d
020 _a9788498713664
040 _aCOMFC
_bspa
_erda
041 0 _aspa
100 1 _aPérez Arteaga, Miguel Ángel
_d1963-
_eaut
245 1 3 _aEl árbol tan poco árbol
_cdel texto y de las ilustraciones Miguel A. Pérez Arteaga a partir de un cuento tradicional africano
250 _aPrimera edición
264 0 1 _aPontevedra, España
_bOQO
_c2012
300 _a34 páginas sin numeración
_bilustraciones en color
_c24 cm
336 _atxt
_btxt
_2rdacontent
337 _an
_bn
_2rdamedia
338 _anc
_bnc
_2rdacarrier
490 _aColección Q
_953789
520 2 _a"Los personajes principales, elaborados con cartón reciclado, son como actores ante un decorado de madera. Las islas trampolín o islas montaña, a su vez, nacen de los propios objetos. Los elementos funcionan como un puzle que se ordena en diferentes combinaciones".
521 _aRecomendado para niños de 6 a 9 años
082 0 4 _a808.068
_bP438a
650 1 4 _aCuentos infantiles españoles
_ySiglo XX
650 1 4 _aLiteratura infantil española
_ySiglo XX
650 1 4 _aMadera en la literatura
650 1 4 _aÁrboles en la literatura
650 1 4 _aLobos en la literatura
650 1 4 _aLibros y lectura pra niños
942 _2ddc
_h808.068 P438a
_k808.068
_mP438a
999 _c15627
_d15627